Mel Gibson Movies - Statistics

General Stats
  • This quiz has been taken 38 times
    13 since last reset
  • The average score is 9 of 30
Answer Stats
Costars/ Directed Actors Answer % Correct
1995 Brian Cox, Brendan Gleeson Braveheart
92%
1987 Danny Glover, Gary Busey Lethal Weapon
75%
1989 Danny Glover, Joe Pesci Lethal Weapon 2
75%
1993 Danny Glover, Rene Russo Lethal Weapon 3
75%
1998 Danny Glover, Chris Rock Lethal Weapon 4
67%
1979 Joanne Samuel, Hugh Keays Bryne Mad Max
67%
2004 Jim Caviezel, Monica Bellucci The Passion of the Christ
67%
2000 Heath Ledger, Jason Isaacs The Patriot
67%
2000 Helen Hunt, Marisa Tomei What Women Want
50%
1996 Gary Sinise, Rene Russo Ransom
42%
1990 Robert Downey Jr., Nancy Travis Air America
25%
2002 Joaquin Phoenix, Abigail Breslin Signs
25%
1988 Kurt Russell, Michelle Pfeiffer Tequila Sunrise
25%
2014 Sylvester Stallone, Jason Statham The Expendables 3
25%
2006 Gerardo Taracena, Rudy Youngblood Apocalypto
17%
1997 Julia Roberts, Patrick Stewart Conspiracy Theory
17%
2017 Will Ferrell, Mark Wahlberg Daddy's Home 2
17%
1981 Mark Lee, Bill Kerr Gallipoli
17%
2002 Madeline Stowe, Sam Elliott We Were Soldiers
17%
2016 Andrew Garfield, Vince Vaughn Hacksaw Ridge
8%
2020 Frank Grillo, Naomi Watts Boss Level
0%
2000 Julia Sawalha, Phil Daniels Chicken Run
0%
2018 Vince Vaughn, Michael Jai White Dragged Across Concrete
0%
2022 Mark Wahlberg, Jacki Weaver Father Stu
0%
2020 Walton Goggins, Marianne Jean Baptiste Fatman
0%
2025 Mark Wahlberg, Michelle Dockery Flight Risk
0%
2013 Danny Trejo, Michelle Rodriguez Machete Kills
0%
1981 Bruce Spense, Vernon Wells Mad Max: The Road Warrior
0%
1995 Linda Hunt, Christian Bale Pocahontas
0%
2011 Jodie Foster, Jennifer Lawrence The Beaver
0%
No matching quizzes found
Score Distribution
Percent of People with Each Score
Percentile by Number Answered
Your Score History
You have not taken this quiz since the last reset